000 00685nas a2200241 4500
001 BR8006457
003 BR-BrBNA
005 20231205084423.0
007 ta
008 230509b bl.|||p| |||| 00| 00por d
040 _aBR-BrBNA
_bpor
_cBiblioteca Nacional de Agricultura
041 _a(Pt)
072 _aN10
100 1 _aGhelfi Filho, H.
245 1 _aProjeto de um curral para gado de corte
650 _aGADO DE CORTE
650 _aCURRAL
650 _aINSTALACAO AGRICOLA
650 _aTECNOLOGIA APROPRIADA
773 0 _tSolo (Brazil)
_xISSN 0584-0821
_g(Jan-Jun 1980), v. 72(1) p. 35-44
_wBR8006457
909 _a202311
_bLúcia
_c55
_dLúcia Elande
942 _2AGRIS
_n0
_cANA
999 _c105113
_d105113